The Bremen-town musicians / (Record no. 5357)

MARC details
000 -LEADER
fixed length control field 00957nam a22003017a 4500
001 - CONTROL NUMBER
control field 5357
003 - CONTROL NUMBER IDENTIFIER
control field FISKH
005 - DATE AND TIME OF LATEST TRANSACTION
control field 20241204153452.0
008 - FIXED-LENGTH DATA ELEMENTS--GENERAL INFORMATION
fixed length control field 241128b cb ||||| |||| 00| 0 eng d
020 ## - INTERNATIONAL STANDARD BOOK NUMBER
International Standard Book Number 9780590423649
040 ## - CATALOGING SOURCE
Original cataloging agency FISKH
Language of cataloging eng
Transcribing agency FISKH
Modifying agency FISKH
050 ## - LIBRARY OF CONGRESS CALL NUMBER
Classification number PZ8.G76
082 ## - DEWEY DECIMAL CLASSIFICATION NUMBER
Classification number 398.24520943
100 ## - MAIN ENTRY--PERSONAL NAME
Personal name Gross, Belov Ruth
Dates associated with a name (1929-)
245 ## - TITLE STATEMENT
Title The Bremen-town musicians /
Statement of responsibility, etc. Retold from Grimm by Ruth Belov Gross Pictures by Jack Kemt
250 ## - EDITION STATEMENT
Edition statement Published in 1974
260 ## - PUBLICATION, DISTRIBUTION, ETC.
Place of publication, distribution, etc. New York :
Name of publisher, distributor, etc. Scholastic,
Date of publication, distribution, etc. 1974.
300 ## - PHYSICAL DESCRIPTION
Extent 32 pages :
Other physical details color illustrations ;
Dimensions 21 cm
505 ## - FORMATTED CONTENTS NOTE
Formatted contents note J<br/>
520 ## - SUMMARY, ETC.
Summary, etc. No longer wanted by their masters, a dog, a donkey, a cat, and a rooster set out for Bremen to become musicians.
521 8# - TARGET AUDIENCE NOTE
Target audience note 440L<br/>
Source Lexile<br/>
521 8# - TARGET AUDIENCE NOTE
Target audience note J<br/>
Source Raz-Plus<br/>
650 ## - SUBJECT ADDED ENTRY--TOPICAL TERM
Source of heading or term Animals
Topical term or geographic name entry element Picture book
650 ## - SUBJECT ADDED ENTRY--TOPICAL TERM
Source of heading or term Fiction
Topical term or geographic name entry element Friendship
700 ## - ADDED ENTRY--PERSONAL NAME
Personal name Kemt, Jack
Dates associated with a name Illustrator
942 ## - ADDED ENTRY ELEMENTS (KOHA)
Source of classification or shelving scheme Dewey Decimal Classification
Koha item type Books
Suppress in OPAC No
Holdings
Withdrawn status Lost status Source of classification or shelving scheme Damaged status Not for loan Collection Home library Current library Shelving location Date acquired Total Checkouts Full call number Barcode Date last seen Date last checked out Copy number Price effective from Koha item type
    Dewey Decimal Classification     Fiction Footprints International School Library Network Toul Kork Campus Footprints International School Library Network Toul Kork Campus TK Primary Library Room(4th Floor), Bookcase 1&2, Shelves 1-16, Dark Blue Books 11/28/2024 1 GRO 398.24520943 PZ8.G76 2024-2391 03/27/2025 03/12/2025 1 11/28/2024 Books